000 00697nam a22001817a 4500
003 UA-OsUOA
001 16184
007 ta
008 20031222b un ||||| |||| 00| 0 ukr d
100 _aПознік В.С.
942 _cSA
040 _aUA-OsUOA
_cUA-OsUOA
_dUA-OsUOA
245 _aТернистий шлях до краси
_b[Розмова з нар. майстром декорат.- приклад. мистецтва, різьбяром В.С.Позніком]/ Спілкувався О.Дем'янчук
300 _aС.6
955 _a0
773 0 _w0
_tВісті Рівненщини
_dРівне
_d2003
_g№104/ 12 груд./
650 7 _aКраєзнавча робота
_2UDC
999 _c302349
_d302349